000 00563aas a22001814i 4500
999 _c49668
_d49668
001 768714001
003 CO-MdFUSB
005 20180410102230.0
008 170428s1993 sp ||||| |||| 00| 0 spa d
040 _aCO-MdFUSB
_bspa
_cCO-MdFUSB
_dCO-MdFUSB
041 _aspa
100 1 _aStott, John
_eautor
245 0 0 _aEl pueblo de Dios bajo autoridad
300 _aVolumen 1, (1993) páginas 19 - 31
_c: 21 cm.
650 0 _9360
_aBiblia
_bEvidencias, autoridad, etc.
773 0 _tAndamio
_049451
_960451
_gVolumen 1, (1993) páginas 19 - 31
_qPágina 19
942 _cANA